[Event "Rated Blitz game"]
[Site "?"]
[Date "2021.05.06"]
[Round "?"]
[White "TriniCupid"]
[Black "annaly1979"]
[Result "0-1"]
[WhiteElo "2433"]
[BlackElo "2392"]
[PlyCount "112"]
[EventDate "2021.??.??"]
[EventType "blitz"]

1. e4 e5 2. Nf3 d5 3. Nxe5 Qe7 4. d4 f6 5. Ng4 Nc6 6. Nc3 dxe4 7. Bb5 a6 8. Be2
f5 9. Ne3 Nf6 10. O-O Qf7 11. Bc4 Qg6 12. Ned5 Bd6 13. Bf4 Bxf4 14. Nxf4 Qh6
15. Qd2 Ne7 16. Rad1 c6 17. d5 b5 18. d6 Ng6 19. Ne6 bxc4 20. Nc7+ Kd8 21. Nxa8
Qxd2 22. Rxd2 Be6 23. Nc7 Bc8 24. Re1 Ne8 25. Na8 Bd7 26. Nb6 Nf6 27. Nxc4 Re8
28. Na4 Be6 29. Ncb6 Nd7 30. Nxd7 Bxd7 31. Nc5 Ne5 32. Nxa6 Nc4 33. Rd4 Nb6 34.
Rb4 Nd5 35. Rb8+ Bc8 36. c4 Nf6 37. Nc7 Re5 38. b4 Nd7 39. Ra8 c5 40. b5 Nb6
41. Rb8 Nd7 42. Ra8 Nb6 43. Rb8 Nxc4 44. Na6 Nxd6 45. Rc1 Ke7 46. Rxc5 Rxc5 47.
Nxc5 Be6 48. f3 e3 49. f4 Bc4 50. Nb3 Ne4 51. Nd4 e2 52. Rb7+ Kf6 53. Nxe2 Bxe2
54. Rb6+ Kf7 55. a4 Bxb5 56. Rb7+ Bd7 {Time forfeit} 0-1

[Event "Rated Blitz game"]
[Site "?"]
[Date "2021.05.06"]
[Round "?"]
[White "picaflor93"]
[Black "Raschmatt"]
[Result "1-0"]
[WhiteElo "2406"]
[BlackElo "2318"]
[PlyCount "41"]
[EventDate "2021.??.??"]
[EventType "blitz"]

1. e4 e5 2. Nf3 d5 3. Nxe5 Bd6 4. d4 dxe4 5. Nc4 Nf6 6. Nc3 O-O 7. Be2 Bf5 8.
O-O Nbd7 9. Bg5 h6 10. Bh4 g5 11. Bg3 Bxg3 12. fxg3 Bg6 13. Ne3 c6 14. d5 Nxd5
15. Ncxd5 cxd5 16. Nxd5 Nb6 17. Nf6+ Kg7 18. Qe1 Qe7 19. Qc3 Na4 20. Nh5+ Kg8
21. Qg7# {Normal} 1-0

[Event "Rated Blitz game"]
[Site "?"]
[Date "2021.05.06"]
[Round "?"]
[White "JoeFr"]
[Black "BigLion5555"]
[Result "1-0"]
[WhiteElo "2541"]
[BlackElo "2516"]
[PlyCount "81"]
[EventDate "2021.??.??"]
[EventType "blitz"]

1. e4 e5 2. Nf3 d5 3. exd5 e4 4. Qe2 Nf6 5. d3 Qxd5 6. Nc3 Bb4 7. Bd2 Bxc3 8.
Bxc3 O-O 9. Ne5 exd3 10. Qxd3 Re8 11. O-O-O Qxa2 12. Qc4 Qxc4 13. Bxc4 Be6 14.
Bxe6 fxe6 15. Rhe1 Na6 16. Nd7 Kf7 17. b4 Rad8 18. Ne5+ Kg8 19. Rxd8 Rxd8 20.
Nd3 Nd5 21. Bd2 c5 22. b5 Nac7 23. Nxc5 Rd6 24. Nxb7 Rb6 25. c4 Rxb7 26. cxd5
exd5 27. Re7 Kf8 28. Rd7 Ke8 29. Rxg7 Kd8 30. Ba5 Kc8 31. Rxc7+ Rxc7+ 32. Bxc7
Kxc7 33. f4 Kd6 34. g4 Ke6 35. Kd2 h5 36. h3 hxg4 37. hxg4 Kf6 38. Kd3 Ke6 39.
Kd4 Kf6 40. Kxd5 a5 41. bxa6 {Normal} 1-0

[Event "Rated Blitz game"]
[Site "?"]
[Date "2021.05.06"]
[Round "?"]
[White "damir361"]
[Black "Gifroy"]
[Result "0-1"]
[WhiteElo "2377"]
[BlackElo "2411"]
[PlyCount "74"]
[EventDate "2021.??.??"]
[EventType "blitz"]

1. e4 e5 2. Nf3 d5 3. d4 dxe4 4. Nxe5 Bd6 5. Bc4 Bxe5 6. dxe5 Qxd1+ 7. Kxd1 Bf5
8. Bf4 Nc6 9. Nc3 Nge7 10. e6 O-O-O+ 11. Ke2 fxe6 12. Rad1 h6 13. h4 Nd4+ 14.
Kf1 Nxc2 15. Rxd8+ Rxd8 16. Be5 Nd5 17. Bxg7 Nxc3 18. bxc3 Rd1+ 19. Ke2 Rxh1
20. g3 h5 21. Bf8 Rh2 22. Bc5 e3 23. Bxe3 Nxe3 24. Kxe3 Rh1 25. Be2 Bg4 26.
Bxg4 hxg4 27. Kf4 Rf1 28. Kxg4 Rxf2 29. h5 Kd8 30. Kg5 Ke8 31. Kg6 Kf8 32. h6
Kg8 33. g4 e5 34. g5 e4 35. h7+ Kh8 36. Kh6 e3 37. g6 Rg2 {Normal} 0-1

[Event "Rated Blitz game"]
[Site "?"]
[Date "2021.05.06"]
[Round "?"]
[White "khaledbenissa1979"]
[Black "hkn967"]
[Result "0-1"]
[WhiteElo "2237"]
[BlackElo "2415"]
[PlyCount "34"]
[EventDate "2021.??.??"]
[EventType "blitz"]

1. e4 e5 2. Nf3 d5 3. exd5 e4 4. Qe2 Nf6 5. d3 Qxd5 6. dxe4 Qxe4 7. Nc3 Bb4 8.
Bd2 Qxe2+ 9. Bxe2 O-O 10. O-O-O Nc6 11. Nb5 Bxd2+ 12. Nxd2 Bf5 13. Nxc7 Rac8
14. Nb5 Nb4 15. Nd6 Rxc2+ 16. Kb1 Rc1+ 17. Kxc1 Nxa2# {Normal} 0-1

[Event "Rated Blitz game"]
[Site "?"]
[Date "2021.05.06"]
[Round "?"]
[White "tfang"]
[Black "tiktokchancechess"]
[Result "0-1"]
[WhiteElo "2358"]
[BlackElo "2400"]
[PlyCount "30"]
[EventDate "2021.??.??"]
[EventType "blitz"]

1. e4 e5 2. Nf3 d5 3. Nxe5 Nf6 4. exd5 Nbd7 5. d4 Nxd5 6. c4 Nxe5 7. dxe5 Nb4
8. Qxd8+ Kxd8 9. Na3 Nc6 10. Bg5+ Be7 11. Bxe7+ Kxe7 12. Nb5 Be6 13. f4 Rad8
14. Nxc7 Nb4 15. Rd1 Nc2+ {Normal} 0-1

[Event "Rated Blitz game"]
[Site "?"]
[Date "2021.05.06"]
[Round "?"]
[White "Fart007"]
[Black "GoughPhar"]
[Result "1-0"]
[WhiteElo "2383"]
[BlackElo "2470"]
[PlyCount "115"]
[EventDate "2021.??.??"]
[EventType "blitz"]

1. e4 e5 2. Nf3 d5 3. exd5 e4 4. Nd4 Nf6 5. Bc4 c6 6. Nc3 cxd5 7. Bb5+ Bd7 8.
O-O Bd6 9. d3 O-O 10. dxe4 dxe4 11. Bg5 Be7 12. Re1 Bxb5 13. Ndxb5 Qb6 14. Qe2
Nc6 15. Na4 Qa5 16. b3 a6 17. Nbc3 Qxg5 18. Nxe4 Nxe4 19. Qxe4 Bf6 20. Rad1 h6
21. Nb6 Rae8 22. Qxe8 Rxe8 23. Rxe8+ Kh7 24. g3 Qc5 25. Nd7 Qxc2 26. Nxf6+ gxf6
27. Rd7 Kg7 28. Rc8 Qb1+ 29. Kg2 Qe4+ 30. Kg1 Ne5 31. Rd1 Nf3+ 32. Kf1 Nxh2+
33. Kg1 Nf3+ 34. Kf1 Qc2 35. Rxc2 Ne5 36. Rc7 b5 37. f4 Ng4 38. Rdd7 Ne3+ 39.
Ke2 Nf5 40. Rxf7+ Kg6 41. Kf3 a5 42. g4 Nd4+ 43. Kg3 Ne2+ 44. Kf3 Nd4+ 45. Ke4
Ne2 46. f5+ Kg5 47. Rg7+ Kh4 48. Rc2 Ng3+ 49. Kf3 Kh3 50. Rg2 Nf1 51. Rf2 Nh2+
52. Rxh2+ Kxh2 53. Rg6 a4 54. bxa4 h5 55. gxh5 bxa4 56. h6 a3 57. h7 Kh1 58.
h8=Q# {Normal} 1-0

[Event "Rated Blitz game"]
[Site "?"]
[Date "2021.05.06"]
[Round "?"]
[White "Bibekthing"]
[Black "KamranShirazi"]
[Result "0-1"]
[WhiteElo "2423"]
[BlackElo "2489"]
[PlyCount "66"]
[EventDate "2021.??.??"]
[EventType "blitz"]

1. e4 e5 2. Nf3 d5 3. exd5 e4 4. Qe2 Nf6 5. d3 Bb4+ 6. Bd2 O-O 7. dxe4 Re8 8.
e5 Nxd5 9. Bxb4 Nxb4 10. c3 Nd5 11. Nbd2 Bf5 12. O-O-O Qe7 13. Nc4 c6 14. Ne3
Bg6 15. Nxd5 cxd5 16. Rxd5 Nc6 17. Qe3 Rac8 18. Bd3 Nb4 19. Rd4 Nxd3+ 20. Rxd3
Bxd3 21. Qxd3 Red8 22. Qe4 h6 23. h4 Qe6 24. Kb1 Rc4 25. Qe2 Rf4 26. Kc1 Qg6
27. g3 Re4 28. Qc2 Qg4 29. Nd2 Rxe5 30. Rd1 Re2 31. Qb3 Rdxd2 32. Rxd2 Re1+ 33.
Kc2 Qe4+ {Normal} 0-1

[Event "Rated Blitz game"]
[Site "?"]
[Date "2021.05.06"]
[Round "?"]
[White "Erik_The_Red"]
[Black "BlunderTV"]
[Result "0-1"]
[WhiteElo "2242"]
[BlackElo "2418"]
[PlyCount "102"]
[EventDate "2021.??.??"]
[EventType "blitz"]

1. e4 e5 2. Nf3 d5 3. exd5 e4 4. Ng1 Nf6 5. Nc3 Be7 6. Bc4 O-O 7. d6 Bxd6 8. d3
exd3 9. Bxd3 Re8+ 10. Nge2 Nc6 11. Bg5 h6 12. Bh4 Ne5 13. Qd2 Nxd3+ 14. Qxd3
Bg4 15. O-O-O Be5 16. f3 Qxd3 17. Rxd3 Bf5 18. Rdd1 Rad8 19. g4 Bg6 20. f4 Bxc3
21. Nxc3 Rxd1+ 22. Rxd1 Nxg4 23. Nd5 c6 24. Ne7+ Kh7 25. Nxg6 Kxg6 26. b3 Re2
27. Bg3 Nxh2 28. Rd7 Nf1 29. f5+ Kg5 30. Rxf7 Nxg3 31. Rxg7+ Kh4 32. f6 Rf2 33.
f7 Nh5 34. f8=Q Rxf8 35. Rxb7 Nf4 36. Rxa7 h5 37. Rc7 Kg3 38. Rxc6 h4 39. Rh6
h3 40. a4 h2 41. b4 Nh3 42. Rg6+ Kh4 43. Rh6+ Kg4 44. Rg6+ Kh5 45. Rg7 h1=Q+
46. Kb2 Qe1 47. Rh7+ Kg6 48. Rxh3 Qe5+ 49. Rc3 Rc8 50. b5 Qxc3+ 51. Kc1 Qxc2# {
Normal} 0-1

[Event "Rated Blitz game"]
[Site "?"]
[Date "2021.05.06"]
[Round "?"]
[White "Shevizuki"]
[Black "greenbubbl_e"]
[Result "0-1"]
[WhiteElo "2404"]
[BlackElo "2454"]
[PlyCount "58"]
[EventDate "2021.??.??"]
[EventType "blitz"]

1. e4 e5 2. Nf3 d5 3. exd5 e4 4. Nd4 Qxd5 5. Nb3 Bd6 6. Nc3 Qe6 7. Be2 Nf6 8.
d4 a6 9. O-O h6 10. h3 O-O 11. f4 Nbd7 12. f5 Qe7 13. Be3 b6 14. Qd2 Bb7 15.
Rae1 Rfe8 16. Bd1 c5 17. dxc5 Nxc5 18. Nxc5 Bxc5 19. Qf2 Rac8 20. g4 Bxe3 21.
Rxe3 Qb4 22. h4 Qxb2 23. Na4 Qb5 24. g5 Nd5 25. c4 Rxc4 26. Bb3 Rxa4 27. Bxa4
Qxa4 28. gxh6 Nxe3 29. Qg3 Qd4 {Normal} 0-1

[Event "Rated Blitz tournament zvCWoDpP"]
[Site "?"]
[Date "2021.05.06"]
[Round "?"]
[White "Nenidon_Andriy"]
[Black "kalomBayan"]
[Result "1-0"]
[WhiteElo "2521"]
[BlackElo "2241"]
[PlyCount "59"]
[EventDate "2021.??.??"]
[EventType "blitz"]

1. e4 e5 2. Nf3 d5 3. d4 dxe4 4. Nxe5 Be6 5. c4 Nf6 6. d5 Bf5 7. g4 Bg6 8. g5
Bd6 9. Nxg6 hxg6 10. gxf6 Qxf6 11. Nc3 O-O 12. Be3 Re8 13. Qd2 Nd7 14. Be2 a5
15. h4 a4 16. h5 a3 17. b3 Be5 18. Rc1 Nc5 19. Bg5 e3 20. Bxe3 Re7 21. Bxc5
Bxc3 22. Qxc3 Rxe2+ 23. Kxe2 Re8+ 24. Kf1 Qg5 25. Be3 Qg4 26. h6 f6 27. hxg7
Kxg7 28. Qd4 Qf3 29. Qh4 Rxe3 30. Qh8+ {Normal} 1-0

[Event "Rated Blitz game"]
[Site "?"]
[Date "2021.05.06"]
[Round "?"]
[White "Fleetwood_Mac"]
[Black "Slimslik02"]
[Result "1-0"]
[WhiteElo "2431"]
[BlackElo "2353"]
[PlyCount "65"]
[EventDate "2021.??.??"]
[EventType "blitz"]

1. e4 e5 2. Nf3 d5 3. exd5 e4 4. Nd4 Qxd5 5. Nb3 Bf5 6. Nc3 Qe5 7. Bc4 Nd7 8.
O-O Bd6 9. f4 Qf6 10. g4 Nb6 11. Bb5+ c6 12. gxf5 cxb5 13. Nxe4 Qd8 14. Re1 Kf8
15. Qf3 Be7 16. d4 a5 17. c3 a4 18. Nbc5 a3 19. Ng5 Bxc5 20. dxc5 Nd5 21. b4 h6
22. Ne4 Nge7 23. Nd6 Qd7 24. Rxe7 Nxe7 25. f6 gxf6 26. Qh5 Ng8 27. f5 Re8 28.
Nxe8 Qxe8 29. Bf4 Qe4 30. Bd6+ Kg7 31. Qh3 Kh7 32. Qg2 Ne7 33. Qxe4 {Normal}
1-0

[Event "Rated Blitz game"]
[Site "?"]
[Date "2021.05.06"]
[Round "?"]
[White "grsgrs"]
[Black "jsequera"]
[Result "0-1"]
[WhiteElo "2338"]
[BlackElo "2480"]
[PlyCount "94"]
[EventDate "2021.??.??"]
[EventType "blitz"]

1. e4 e5 2. Nf3 d5 3. exd5 e4 4. Qe2 f5 5. d3 Nf6 6. dxe4 fxe4 7. Nc3 Be7 8.
Nxe4 O-O 9. Qc4 b5 10. Nxf6+ Bxf6 11. Qxb5 Ba6 12. Qb3 Re8+ 13. Be3 Bxf1 14.
Kxf1 Nd7 15. g3 Rb8 16. Qc4 Bxb2 17. d6+ Kh8 18. dxc7 Qf6 19. cxb8=Q Rxb8 20.
Ng5 Bxa1 21. Nf7+ Kg8 22. Ne5+ Kh8 23. Nxd7 Qf3 24. Nxb8 Qxh1+ 25. Ke2 Qb7 26.
Nc6 Bf6 27. Qe6 h6 28. Kf1 Qb1+ 29. Kg2 Qxc2 30. Ne7 Bxe7 31. Qxe7 Qxa2 32. Bd4
Qd5+ 33. Kh3 Qxd4 34. Qe8+ Kh7 35. f4 a5 36. Qa8 a4 37. Kg4 Qd7+ 38. Kf3 Qd3+
39. Kg4 a3 40. f5 Qc4+ 41. Kh5 a2 42. g4 Qc3 43. h4 a1=Q 44. Qe4 Qf6 45. g5
Qd1+ 46. Qg4 Qxf5 47. Qxd1 g6# {Normal} 0-1

[Event "Rated Blitz game"]
[Site "?"]
[Date "2021.05.06"]
[Round "?"]
[White "mandarria"]
[Black "SerialDrinker"]
[Result "1-0"]
[WhiteElo "2407"]
[BlackElo "2278"]
[PlyCount "63"]
[EventDate "2021.??.??"]
[EventType "blitz"]

1. e4 e5 2. Nf3 d5 3. exd5 e4 4. Qe2 Nf6 5. d3 Qxd5 6. Nbd2 Bf5 7. dxe4 Nxe4 8.
Nh4 Bb4 9. c3 Nc6 10. Nxf5 O-O-O 11. Ne3 Qe6 12. Nxe4 Qxe4 13. Qc4 Nd4 14. cxb4
Rhe8 15. Be2 f5 16. O-O f4 17. Bg4+ Kb8 18. f3 Qe5 19. Nc2 Ne2+ 20. Kh1 h5 21.
Bh3 g5 22. Na3 g4 23. fxg4 hxg4 24. Bxg4 Rd4 25. Qc2 Rh8 26. Bh3 f3 27. Bf4
Rxf4 28. Rxf3 Rxf3 29. Re1 Rf2 30. Nc4 a6 31. Nxe5 Rxh3 32. Qd2 {Time forfeit}
1-0

[Event "Rated Blitz game"]
[Site "?"]
[Date "2021.05.06"]
[Round "?"]
[White "Aibek_123"]
[Black "MafyDGreat"]
[Result "1-0"]
[WhiteElo "2420"]
[BlackElo "2329"]
[PlyCount "95"]
[EventDate "2021.??.??"]
[EventType "blitz"]

1. e4 e5 2. Nf3 d5 3. d4 dxe4 4. Nxe5 Be6 5. Nc4 Nf6 6. Ne3 Be7 7. c4 c5 8. d5
Bc8 9. Nc3 O-O 10. Be2 Bd6 11. O-O Re8 12. f3 exf3 13. Bxf3 Nbd7 14. Nf5 Ne5
15. Nxd6 Qxd6 16. Bf4 Bf5 17. Re1 Nfd7 18. Nb5 Qf6 19. Nc7 Nd3 20. Nxe8 Qxb2
21. Nd6 Qf2+ 22. Kh1 Nxf4 23. Nxf5 Nf6 24. d6 Rd8 25. Rf1 Qb2 26. Rb1 Qe5 27.
Qc2 g6 28. Nh6+ Kg7 29. Ng4 Nxg4 30. Bxg4 Rxd6 31. Rxb7 h5 32. Bf3 Rf6 33. Qb2
Qf5 34. Rxa7 Ne6 35. h3 Nd4 36. Be2 Qe5 37. Rxf6 Qxf6 38. Bf3 Qe5 39. Qb7 Qe1+
40. Kh2 Qe5+ 41. g3 Kh6 42. Bg2 Nf5 43. Qc7 Qe3 44. Qf4+ Qxf4 45. gxf4 Nd4 46.
Rxf7 h4 47. a4 Ne2 48. a5 {Normal} 1-0

[Event "Rated Blitz game"]
[Site "?"]
[Date "2021.05.06"]
[Round "?"]
[White "Bibekthing"]
[Black "KamranShirazi"]
[Result "1-0"]
[WhiteElo "2442"]
[BlackElo "2468"]
[PlyCount "75"]
[EventDate "2021.??.??"]
[EventType "blitz"]

1. e4 e5 2. Nf3 d5 3. exd5 e4 4. Qe2 Nf6 5. Nc3 Be7 6. Nxe4 Nxd5 7. d3 O-O 8.
Qd1 f5 9. Nc3 Bb4 10. Bd2 Re8+ 11. Be2 Bxc3 12. bxc3 Qf6 13. d4 Qe7 14. Ne5 Nc6
15. f4 Nf6 16. O-O Ne4 17. Bd3 Nxe5 18. fxe5 c5 19. Qe1 cxd4 20. cxd4 Be6 21.
c4 Qa3 22. Bxe4 fxe4 23. d5 Bf7 24. Qxe4 Bg6 25. Qd4 b5 26. c5 Rac8 27. c6 Qa6
28. Kh1 h6 29. Bc3 b4 30. Bb2 Qb6 31. Qxb6 axb6 32. Rac1 Be4 33. Rfd1 Red8 34.
d6 Rxc6 35. Rxc6 Bxc6 36. e6 Re8 37. d7 Rd8 38. e7 {Time forfeit} 1-0

[Event "Rated Blitz game"]
[Site "?"]
[Date "2021.05.06"]
[Round "?"]
[White "khaledbenissa1979"]
[Black "hkn967"]
[Result "0-1"]
[WhiteElo "2231"]
[BlackElo "2421"]
[PlyCount "40"]
[EventDate "2021.??.??"]
[EventType "blitz"]

1. e4 e5 2. Nf3 d5 3. Nc3 d4 4. Ne2 Nc6 5. Ng3 h5 6. h4 Bg4 7. Be2 Nge7 8. d3
Ng6 9. Bg5 Bb4+ 10. c3 dxc3 11. Bxd8 c2+ 12. Qd2 Bxd2+ 13. Kxd2 Rxd8 14. Kxc2
Nf4 15. a3 Nxg2 16. Rad1 Bxf3 17. Bxf3 Nd4+ 18. Kd2 Nxf3+ 19. Ke2 Nd4+ 20. Kf1
Nf4 {Normal} 0-1

[Event "Rated Blitz game"]
[Site "?"]
[Date "2021.05.06"]
[Round "?"]
[White "Guanabana12"]
[Black "annaly1979"]
[Result "1-0"]
[WhiteElo "2542"]
[BlackElo "2428"]
[PlyCount "59"]
[EventDate "2021.??.??"]
[EventType "blitz"]

1. e4 e5 2. Nf3 d5 3. exd5 e4 4. Nd4 c5 5. Ne2 f5 6. Nbc3 Nf6 7. d3 Bd6 8. Bg5
exd3 9. Qxd3 O-O 10. O-O-O Nbd7 11. f4 a6 12. Ng3 h6 13. Nxf5 Bb8 14. Nxh6+
gxh6 15. Qg6+ Kh8 16. Qxh6+ Nh7 17. Bxd8 Bxf4+ 18. Qxf4 Rxf4 19. Be2 Ne5 20.
Rhf1 Rxf1 21. Rxf1 Bg4 22. Bxg4 Nxg4 23. Be7 Nxh2 24. Rd1 Kg8 25. d6 Kf7 26.
Rh1 Nf8 27. Rxh2 Ng6 28. Nd5 Rh8 29. Rxh8 Nxh8 30. d7 {Normal} 1-0

[Event "Rated Blitz game"]
[Site "?"]
[Date "2021.05.06"]
[Round "?"]
[White "RCone2"]
[Black "KamranShirazi"]
[Result "0-1"]
[WhiteElo "2336"]
[BlackElo "2491"]
[PlyCount "60"]
[EventDate "2021.??.??"]
[EventType "blitz"]

1. e4 e5 2. Nf3 d5 3. exd5 e4 4. Qe2 Nf6 5. d3 Bb4+ 6. Bd2 O-O 7. dxe4 Re8 8.
e5 Nxd5 9. Bxb4 Nxb4 10. Nc3 N8c6 11. a3 Nd4 12. Nxd4 Qxd4 13. axb4 Rxe5 14.
Rd1 Rxe2+ 15. Bxe2 Qh4 16. g3 Qe7 17. Nd5 Qd6 18. O-O Bh3 19. Rfe1 h6 20. Bf3
Kh8 21. Nf4 Qf6 22. Bxb7 Rb8 23. Be4 Bg4 24. f3 Bxf3 25. Bxf3 g5 26. c3 gxf4
27. g4 a5 28. bxa5 Rxb2 29. Ra1 Qxc3 30. Rf1 Qd2 {Normal} 0-1

[Event "Rated Blitz game"]
[Site "?"]
[Date "2021.05.06"]
[Round "?"]
[White "Soledadense"]
[Black "blastol"]
[Result "1-0"]
[WhiteElo "2378"]
[BlackElo "2403"]
[PlyCount "53"]
[EventDate "2021.??.??"]
[EventType "blitz"]

1. e4 e5 2. Nf3 d5 3. exd5 Bd6 4. d4 e4 5. Nfd2 Nf6 6. c4 O-O 7. Nc3 Re8 8. Be2
e3 9. fxe3 Rxe3 10. Nf3 Ng4 11. O-O Rxf3 12. Bxf3 Qh4 13. h3 Qg3 14. Bxg4 Qh2+
15. Kf2 Bg3+ 16. Kf3 Bxg4+ 17. hxg4 f5 18. Rh1 fxg4+ 19. Kxg4 Qxg2 20. Qf3 h5+
21. Rxh5 Qg1 22. Bf4 Bxf4+ 23. Rxg1 Bh6 24. Kh3 Nd7 25. Rxh6 Rf8 26. Qh5 Rf4
27. Rh8# {Normal} 1-0

[Event "Rated Blitz game"]
[Site "?"]
[Date "2021.05.06"]
[Round "?"]
[White "limosity"]
[Black "KamranShirazi"]
[Result "0-1"]
[WhiteElo "2425"]
[BlackElo "2501"]
[PlyCount "80"]
[EventDate "2021.??.??"]
[EventType "blitz"]

1. e4 e5 2. Nf3 d5 3. Nxe5 Bd6 4. d4 dxe4 5. Nc4 Be7 6. Nc3 f5 7. Bf4 Nf6 8.
Ne5 Be6 9. Qd2 O-O 10. h4 Bb4 11. a3 Ba5 12. Bc4 Bxc4 13. Nxc4 Bxc3 14. bxc3
Nc6 15. Ne5 Nxe5 16. Bxe5 Ng4 17. Bf4 Qd5 18. h5 h6 19. Qe2 c5 20. Rd1 cxd4 21.
cxd4 Rac8 22. Kf1 Rc3 23. Rh3 Rfc8 24. Rxc3 Rxc3 25. f3 exf3 26. Qe8+ Kh7 27.
Qg6+ Kh8 28. Qe8+ Qg8 29. Qxg8+ Kxg8 30. d5 fxg2+ 31. Kg1 Rxc2 32. d6 Nf6 33.
d7 Nxd7 34. Rxd7 Rc4 35. Be5 Rg4 36. Rxb7 a5 37. Ra7 a4 38. Ra6 Kf7 39. Bc3 Rg3
40. Ra7+ Ke6 {Time forfeit} 0-1

[Event "Rated Blitz tournament mgINKex0"]
[Site "?"]
[Date "2021.05.06"]
[Round "?"]
[White "Monkeyibuljic"]
[Black "Arkadag2020"]
[Result "0-1"]
[WhiteElo "2372"]
[BlackElo "2538"]
[PlyCount "68"]
[EventDate "2021.??.??"]
[EventType "blitz"]

1. e4 e5 2. Nf3 d5 3. Nxe5 Bd6 4. d4 Nf6 5. exd5 O-O 6. Nc3 c6 7. dxc6 Nxc6 8.
Nxc6 bxc6 9. Be3 Rb8 10. Bd3 Re8 11. h3 Rxb2 12. O-O Bc7 13. Ne2 Nd5 14. Bc1
Rb8 15. c4 Nb4 16. Ng3 Bxg3 17. fxg3 Qxd4+ 18. Kh2 Nxd3 19. Ba3 Ba6 20. Qf3
Bxc4 21. Rad1 c5 22. Qf5 f6 23. Bc1 Re2 24. Rf4 Rxg2+ 25. Kxg2 Nxf4+ 26. Bxf4
Rb2+ 27. Rd2 Rxd2+ 28. Bxd2 Qxd2+ 29. Kg1 Qd4+ 30. Kh2 g6 31. Qc8+ Kg7 32. Qc7+
Bf7 33. h4 c4 34. h5 gxh5 {Normal} 0-1

[Event "Rated Blitz game"]
[Site "?"]
[Date "2021.05.06"]
[Round "?"]
[White "blunder_ata"]
[Black "Gifroy"]
[Result "0-1"]
[WhiteElo "2479"]
[BlackElo "2416"]
[PlyCount "32"]
[EventDate "2021.??.??"]
[EventType "blitz"]

1. e4 e5 2. Nf3 d5 3. exd5 e4 4. Ng1 Qxd5 5. Nc3 Qe5 6. Nge2 Bf5 7. Ng3 Bg6 8.
Bc4 Nc6 9. O-O Nf6 10. f4 Qd4+ 11. Kh1 Qxc4 12. f5 O-O-O 13. fxg6 hxg6 14. b3
Qd4 15. Bb2 Bd6 16. Qe1 Rxh2+ {Normal} 0-1

[Event "Rated Blitz game"]
[Site "?"]
[Date "2021.05.06"]
[Round "?"]
[White "cyrilortega62"]
[Black "GoughPhar"]
[Result "1-0"]
[WhiteElo "2450"]
[BlackElo "2453"]
[PlyCount "51"]
[EventDate "2021.??.??"]
[EventType "blitz"]

1. e4 e5 2. Nf3 d5 3. Nxe5 Bd6 4. d4 dxe4 5. Nc4 Nf6 6. Nxd6+ Qxd6 7. Be2 Nc6
8. Be3 h5 9. h3 Bf5 10. a3 O-O-O 11. c3 h4 12. Nd2 g5 13. Nc4 Qe7 14. Bxg5 Rdg8
15. Qd2 Rg6 16. Qf4 Qe6 17. Ne3 Rxg5 18. Qxg5 Bg6 19. d5 Nxd5 20. Qxd5 Qe7 21.
O-O-O Kb8 22. Bb5 Rd8 23. Qc4 Ne5 24. Rxd8+ Qxd8 25. Qd4 Nd3+ 26. Bxd3 {Normal}
1-0

[Event "Rated Blitz tournament 8eUjEXJh"]
[Site "?"]
[Date "2021.05.06"]
[Round "?"]
[White "amir_aqn"]
[Black "BlunderTV"]
[Result "0-1"]
[WhiteElo "2231"]
[BlackElo "2408"]
[PlyCount "78"]
[EventDate "2021.??.??"]
[EventType "blitz"]

1. e4 e5 2. Nf3 d5 3. exd5 e4 4. Nd4 Qxd5 5. Nb3 Nf6 6. Nc3 Qd8 7. Bc4 Bd6 8.
O-O O-O 9. Re1 Bg4 10. Be2 Bf5 11. d3 exd3 12. Bxd3 Bg4 13. Be2 Qd7 14. Bg5
Bxe2 15. Qxe2 Ng4 16. h3 Ne5 17. Rad1 Qf5 18. Be3 Nbc6 19. Nb5 Rfe8 20. Nxd6
cxd6 21. Rxd6 Ng6 22. Rd3 Nf4 23. Qd2 Nxd3 24. cxd3 Rad8 25. d4 Qe4 26. Nc5 Qe7
27. Rc1 b6 28. Nb3 Nb4 29. a3 Nd5 30. Bg5 f6 31. Bh4 Qe2 32. Qxe2 Rxe2 33. Bg3
Rxb2 34. Na1 Re8 35. Rd1 Ree2 36. a4 Ra2 37. Bd6 Nc3 38. Rf1 Ne4 39. d5 Nxd6 {
Normal} 0-1

[Event "Rated Blitz game"]
[Site "?"]
[Date "2021.05.06"]
[Round "?"]
[White "baemoth"]
[Black "KamranShirazi"]
[Result "1-0"]
[WhiteElo "2374"]
[BlackElo "2510"]
[PlyCount "89"]
[EventDate "2021.??.??"]
[EventType "blitz"]

1. e4 e5 2. Nf3 d5 3. exd5 e4 4. Qe2 Nf6 5. d3 Bb4+ 6. c3 O-O 7. dxe4 Bc5 8.
Bg5 c6 9. e5 Re8 10. dxc6 Nxc6 11. Nbd2 Bg4 12. O-O-O Nxe5 13. Ne4 Qb6 14. Bxf6
gxf6 15. Qb5 Bxf3 16. gxf3 Rec8 17. Qxb6 Bxb6 18. Nxf6+ Kh8 19. Be2 Bxf2 20.
Ne4 Bh4 21. Nd6 Rc7 22. Rd5 Ng6 23. Rf5 f6 24. Ne4 Re8 25. Rd1 Ne5 26. Kc2 Rf8
27. Rg1 Rg7 28. Rxg7 Kxg7 29. Ng3 Kg6 30. Rf4 Bg5 31. Re4 Nf7 32. f4 f5 33.
Re6+ Bf6 34. Nh5 Nh6 35. Rxf6+ Rxf6 36. Nxf6 Kxf6 37. Bf3 Ng4 38. Bxg4 fxg4 39.
Kd3 Kf5 40. Ke3 h5 41. b3 h4 42. c4 b6 43. b4 g3 44. hxg3 hxg3 45. Kf3 {
Time forfeit} 1-0

[Event "Rated Blitz game"]
[Site "?"]
[Date "2021.05.06"]
[Round "?"]
[White "Panesso"]
[Black "KamranShirazi"]
[Result "1-0"]
[WhiteElo "2580"]
[BlackElo "2492"]
[PlyCount "115"]
[EventDate "2021.??.??"]
[EventType "blitz"]

1. e4 e5 2. Nf3 d5 3. Nxe5 Bd6 4. d4 dxe4 5. Nc3 Bxe5 6. dxe5 Qxd1+ 7. Kxd1
Bg4+ 8. Be2 Bxe2+ 9. Kxe2 Nc6 10. Nxe4 Nd4+ 11. Kd1 O-O-O 12. Bd2 Ne7 13. c3
Ndc6 14. f4 Nd5 15. Kc2 f5 16. Ng5 Rde8 17. Rad1 h6 18. Nf3 g5 19. fxg5 hxg5
20. Bxg5 Nb6 21. Bf6 Rhg8 22. g3 Nc4 23. Rhe1 f4 24. gxf4 Rg2+ 25. Nd2 Rxh2 26.
Re4 b5 27. b3 Nd6 28. Ree1 Nf5 29. Kc1 b4 30. Rh1 Rf2 31. Rdf1 Rg2 32. Rhg1
Reg8 33. Rxg2 Rxg2 34. cxb4 Ncd4 35. e6 Nxe6 36. Be5 c5 37. bxc5 Nxc5 38. Rf3
Re2 39. Rc3 Kb7 40. Rxc5 Kb6 41. Rc4 Ne3 42. Bd4+ Kb5 43. Bxe3 Rxe3 44. f5 Re2
45. Rf4 Re7 46. f6 Rf7 47. Ne4 Kc6 48. Ng5 Rf8 49. f7 Kd6 50. Nh7 Rc8+ 51. Kb1
Ke7 52. f8=Q+ Rxf8 53. Rxf8 a5 54. Rf4 a4 55. Rxa4 Ke6 56. Rc4 Kd5 57. Kc2 Ke5
58. Kc3 {Normal} 1-0

[Event "Rated Blitz game"]
[Site "?"]
[Date "2021.05.06"]
[Round "?"]
[White "Tarrasch_principle"]
[Black "Razario90"]
[Result "1-0"]
[WhiteElo "2412"]
[BlackElo "2402"]
[PlyCount "41"]
[EventDate "2021.??.??"]
[EventType "blitz"]

1. e4 e5 2. Nf3 d5 3. exd5 e4 4. Qe2 Nf6 5. Nc3 Be7 6. Nxe4 O-O 7. d3 Re8 8.
Bd2 Nxd5 9. O-O-O f5 10. Ne5 fxe4 11. dxe4 Nb6 12. Qh5 Rf8 13. Bb4 Bg5+ 14. Bd2
Bxd2+ 15. Rxd2 Qe7 16. f4 N8d7 17. Nf3 Nf6 18. Qh4 Bg4 19. Bd3 Bxf3 20. gxf3
Rad8 21. e5 {Time forfeit} 1-0

[Event "Rated Blitz game"]
[Site "?"]
[Date "2021.05.06"]
[Round "?"]
[White "kntlgede"]
[Black "annaly1979"]
[Result "1-0"]
[WhiteElo "2515"]
[BlackElo "2407"]
[PlyCount "41"]
[EventDate "2021.??.??"]
[EventType "blitz"]

1. e4 e5 2. Nf3 d5 3. exd5 e4 4. Nd4 c5 5. Nb5 a6 6. N5c3 Nf6 7. d3 exd3 8.
Bxd3 Bd6 9. Qe2+ Be7 10. O-O O-O 11. Re1 Bd6 12. Bg5 Nbd7 13. Ne4 Re8 14. Nbd2
Qc7 15. Bxf6 gxf6 16. Qg4+ Kf8 17. Qh5 Be5 18. d6 Qc6 19. Qh6+ Kg8 20. Ng5 Nf8
21. Bxh7+ {Normal} 1-0